Les Luthiers - frases - Estadísticas

Estadísticas generales
  • Esta prueba ha sido intentada 24 veces
    22 desde el último reinicio
  • La puntuación promedio es 9 de 15
Estadísticas de respuestas
% Correcto
No sólo es verídico, sino que además es cierto
95%
De cada diez personas que miran televisión, cinco son la mitad
90%
Time is money El tiempo es un maní
85%
El sentido de la vida te lo diré en tres palabras: Yo qué sé
75%
¿Por qué se escuenden? ¿Por qué no se mostran?
65%
La diversión y la recreación no son menos importantes que el estudio Son más importantes
60%
Vengo de Viena Viena de viene?
60%
Lo que siento se resume en una palabra Mil gracias
55%
Vivan los izquierdistas de derecha
50%
Y al atardecer llueven meteoritos
50%
Anoche sobre la luna vi claramente dibujado un dragón con plumas Debo beber menos
45%
Si no ganamos estamos perdidos
40%
No estoy nervioso Son los nervios
40%
¿Qué tiene de faraónico haber hecho construir esas tres magníficas pirámides?
40%
Contá conmigo, hermano Un problema, dos problemas, tres problemas
40%
No se encontraron pruebas coincidentes
Distribución de puntuación
Porcentaje de gente con cada puntuación
Porcentaje por número respondido
Historial de tus puntuaciones
No has intentado esta prueba desde el último reinicio